[Event "Winter CCCSA-IM 2020"]
[Site "Charlotte"]
[Date "2020.01.17"]
[Round "2.5"]
[White "Wheeler, Cameron"]
[Black "Martin Del Campo C., Roberto"]
[Result "1-0"]
[WhiteElo "2383"]
[BlackElo "2322"]
[Annotator "ChessBase"]
[PlyCount "57"]
[EventDate "2020.01.17"]
[EventType "tourn"]
[EventCountry "USA"]
[SourceTitle "playchess.com"]
[Source "ChessBase"]
[SourceQuality "1"]
[TimeControl "5400+30"]

1. Nf3 {[%emt 1:30:30]} Nf6 {[%emt 1:30:30]} 2. c4 {[%emt 0:00:30]} d6 {[%emt 0:00:30]} 3. d4 {[%emt 0:00:30]} g6 {[%emt 0:00:30]} 4. g3 {[%emt 0:00:30]} Bg7 {[%emt 0:00:30]} 5. Bg2 {[%emt 0:00:30]} O-O {[%emt 0:00:30]} 6. O-O {[%emt 0:00:30]} Nc6 {[%emt 0:00:30]} 7. Nc3 {[%emt 0:00:30]} Bg4 {[%emt 0:00:30]} 8. d5 {[%emt 0:00:30]} Na5 {[%emt 0:00:30]} 9. b3 {[%emt 0:00:30]} c5 {[%emt 0:00:30]} 10. Bd2 {[%emt 0:00:30]} a6 {[%emt 0:00:30]} 11. h3 {[%emt 0:00:30]} Bd7 {[%emt 0:00:30]} 12. e4 {[%emt 0:00:30]} e5 {[%emt 0:00:30]} 13. dxe6 {[%emt 0:00:30]} Bxe6 {[%emt 0:00:30]} 14. Rc1 {[%emt 0:00:30]} b5 {[%emt 0:00:30]} 15. Ng5 {[%emt 0:00:30]} Rb8 {[%emt 0:00:30]} 16. e5 {[%emt 0:00:30]} dxe5 {[%emt 0:00:30]} 17. Nxe6 {[%emt 0:00:30]} fxe6 {[%emt 0:00:30]} 18. Qe1 {[%emt 0:00:30]} b4 {[%emt 0:00:30]} 19. Na4 {[%emt 0:00:30]} Nd7 {[%emt 0:00:30]} 20. Rd1 {[%emt 0:00:30]} Qc7 {[%emt 0:00:30]} 21. Qe4 {[%emt 0:00:30]} Nb6 {[%emt 0:00:30]} 22. Nb2 {[%emt 0:00:30]} Kh8 {[%emt 0:00:30]} 23. Be3 {[%emt 0:00:30]} Rf7 {[%emt 0:00:30]} 24. Rd2 {[%emt 0:00:30]} Nd7 {[%emt 0:00:30]} 25. Rfd1 {[%emt 0:00:30]} Nf6 {[%emt 0:00:30]} 26. Qh4 {[%emt 0:00:30]} Rd7 {[%emt 0:00:30]} 27. Rxd7 {[%emt 0:00:30]} Nxd7 {[%emt 0:00:30]} 28. Qe7 {[%emt 0:00:30]} Rd8 {[%emt 0:00:30]} 29. Bg5 {[%emt 0:00:30]} 1-0

[Event "Winter CCCSA-IM 2020"]
[Site "Charlotte"]
[Date "2020.01.18"]
[Round "3.1"]
[White "Uyanga, Byambaa"]
[Black "Berczes, David"]
[Result "0-1"]
[WhiteElo "2113"]
[BlackElo "2433"]
[Annotator "TA"]
[PlyCount "90"]
[EventDate "2020.01.17"]
[EventType "tourn"]
[EventCountry "USA"]
[SourceTitle "playchess.com"]
[Source "ChessBase"]
[SourceQuality "1"]

{[%evp 14,90,24,0,18,-6,8,-45,-50,-50,-32,-106,-88,-99,-93,-139,-124,-156,-156,-139,-127,-127,-122,-120,-125,-134,-133,-133,-133,-122,-140,-132,-116,-119,-118,-163,-158,-183,-180,-179,-184,-206,-211,-210,-196,-212,-191,-277,-252,-553,-532,-598,-584,-605,-606,-626,-624,-660,-651,-690,-677,-645,-568,-1485,-1495,-1347,-1243,-2875,-2810,-2729,-2625,-4141,-4137,-5471,-4837,-1964,-1571,-1444,-1041]} 1. e4 e6 2. d4 d5 3. Nc3 {[%cal Bb1c3,Bc3e4,Be4g3][%mdl 32]} Nf6 4. Bg5 dxe4 5. Nxe4 Be7 6. Bxf6 gxf6 7. Nf3 f5 8. Ng3 h5 {C13: French: Classical System: 4 Bg5 Be7, Alekhine-Chatard Attack} (8... c5 9. Bb5+ Bd7 10. Bxd7+ Qxd7 11. d5 exd5 12. Ne5 Qe6 13. f4 Nd7 14. O-O O-O-O 15. Qh5 Nxe5 16. fxe5 Qxe5 17. Rae1 Qd4+ 18. Kh1 Qh4 19. Rxf5 Qxh5 20. Nxh5 {0-1 (49) Gashimov,V (2746)-Carlsen,M (2815) Monte Carlo 2011}) 9. h4 c5 10. Bd3 $146 (10. dxc5 $11 Nd7 11. Qd4) ({Predecessor:} 10. Bb5+ Kf8 11. c3 cxd4 12. Qxd4 Qxd4 13. Nxd4 f4 14. Nge2 e5 15. Nf3 f6 16. Bc4 {0-1 (54) Kosteniuk,A (2550)-Sutovsky,E (2647) Caleta 2016}) 10... cxd4 $15 {Black is slightly better.} 11. Nxd4 Bxh4 ({Reject} 11... Bb4+ $6 12. c3 $16) 12. Nb5 ({Better is} 12. Bb5+ $15 Bd7 13. Nxh5) 12... Bxg3 $1 $17 13. fxg3 a6 14. Nc3 {[#]} Qg5 $1 15. Qf3 Nd7 16. Ne2 Ne5 17. Qf4 Qxf4 18. Nxf4 Ke7 19. Rxh5 Rxh5 20. Nxh5 Bd7 {Threatens to win with ...Rh8.} 21. Be2 Rc8 22. c3 b5 23. Nf4 Nc4 24. b3 Nd6 25. c4 bxc4 26. bxc4 Ne4 27. g4 fxg4 28. Bxg4 Rxc4 {And now ...Nf6 would win.} 29. Be2 Rd4 30. Bxa6 {[#]} (30. Bf3 {was worth a try.}) 30... Nc5 $1 $19 {[%csl LRa6,LRf4][%cal Rc5a6]} 31. Ne2 $2 (31. Nxe6 {was the crucial defense.} Bxe6 32. Be2) 31... Rh4 {Black is clearly winning.} 32. O-O-O Nxa6 33. Nd4 e5 34. Nf3 Rc4+ 35. Kb2 {White hopes to continue with Rxd7+!} f6 36. Rd5 Rb4+ 37. Kc3 Rb5 38. Kc4 Rxd5 39. Kxd5 Be6+ 40. Ke4 Nc5+ 41. Ke3 Bxa2 42. g4 Ne6 43. Nh4 Bb1 44. Nf3 Bc2 45. Nd2 Bd1 {Accuracy: White = 16%, Black = 90%.} 0-1

[Event "Winter CCCSA-IM 2020"]
[Site "Charlotte"]
[Date "2020.01.18"]
[Round "3.2"]
[White "Liang, Jason"]
[Black "Wheeler, Cameron"]
[Result "0-1"]
[WhiteElo "2353"]
[BlackElo "2383"]
[Annotator "TA"]
[PlyCount "64"]
[EventDate "2020.01.17"]
[EventType "tourn"]
[EventCountry "USA"]
[SourceTitle "playchess.com"]
[Source "ChessBase"]
[SourceQuality "1"]

{[%evp 17,126,2,13,-3,2,17,7,-5,29,27,36,10,27,19,23,-20,0,-27,-25,-66,0,-8,0,-29,-8,-62,-14,-63,-66,-254,-227,-284,-269,-386,-373,-512,-402,-699,-613,-1542,-288,-517,-511,-504,-500,-494,-493,-481,-386,-388,-386,-867,-867,-867,-867,-860,-860,-860,-860,-852,-831,-718,-594,-426,-426,-4125,-4125,-1812,-1651,-29969,-29970,-29973,-29971,-29971,-29972,-29973,-29974,-29974,-29975,-29975,-29974,-29978,-29976,-29976,-29977,-29990,-29982,-29982,-29983,-29984,-29982,-29982,-29983,-29987,-29988,-29988,-29989,-29988,-29989,-29989,-29990,-29991,-29992,-29992,-29991,-29994,-29995,-29995,-29995,-29997,-874]} 1. e4 e6 2. d4 d5 3. Nc3 Bb4 4. e5 c5 5. a3 Bxc3+ 6. bxc3 Ne7 7. Qg4 Qc7 8. Qxg7 Rg8 9. Qxh7 cxd4 10. Qd3 {C18: French: 3 Nc3 Bb4: Main line: 7 h4 and 7 Qg4} Qxe5+ 11. Ne2 $1 dxc3 12. Qxc3 {The position is equal.} Qxc3+ (12... Nbc6 {seems wilder.} 13. Qxe5 Nxe5 14. Nd4 Bd7 15. h4 Nc4) (12... Nbc6 13. Qxe5 Nxe5 14. Ng3 f6 15. Bb2 Kf7 16. Nh5 Nd7 17. O-O-O b6 {1-0 (39) Huschenbeth,N (2620)-Naiditsch,A (2643) Khanty-Mansiysk 2019}) 13. Nxc3 Nbc6 14. h4 $146 ({Predecessor:} 14. Nb5 Kd8 15. f4 a6 16. Nd6 f6 17. Bb2 Rf8 {½-½ (34) Antal,L (2219)-Balogh,L (2192) Hungary 2007}) 14... f6 15. Rb1 b6 16. Bb2 e5 17. Rd1 Be6 18. Bb5 O-O-O ({Much weaker is} 18... Rxg2 $6 {[#]} 19. Nxd5 $1 {[%mdl 512]} Bxd5 20. Rxd5 $1 $16 {[%mdl 512]}) (18... Rc8 $15) 19. Kf1 $11 Kb7 20. Ne2 a6 21. Bxc6+ ({White should try} 21. Bd3 $11) 21... Kxc6 22. Re1 Kd7 $36 {[%mdl 2048] Black has some pressure.} 23. f4 $2 ({Better is} 23. c3 $15) 23... Nf5 24. Kf2 d4 25. fxe5 (25. g3 $142) 25... fxe5 $19 {Strongly threatening ...Rdf8.} 26. Ng1 {[#]} e4 $1 {[%mdl 512]} 27. Re2 (27. Bxd4 $142 Nxd4 28. Rxe4 Rxg2+ 29. Kxg2) (27. Rxe4 Bd5) 27... e3+ 28. Rxe3 Bd5 $2 (28... dxe3+ 29. Kf3 Rdf8) 29. Re5 $2 (29. Rf3 {was the only chance.} Rc8 30. Rxf5 Rxc2+ 31. Ke1 Bxg2 32. Bxd4 Bxh1 33. Ne2) 29... Rxg2+ 30. Ke1 Re8 31. Rxe8 Kxe8 32. Ne2 {[#]} d3 {Played: Rg2xe2} 0-1

[Event "Winter CCCSA-IM 2020"]
[Site "Charlotte"]
[Date "2020.01.18"]
[Round "3.3"]
[White "Gauri, Shankar"]
[Black "Francisco, Richard"]
[Result "1/2-1/2"]
[WhiteElo "2350"]
[BlackElo "2256"]
[Annotator "TA"]
[PlyCount "38"]
[EventDate "2020.01.17"]
[EventType "tourn"]
[EventCountry "USA"]
[SourceTitle "playchess.com"]
[Source "ChessBase"]
[SourceQuality "1"]

{[%evp 21,25,0,0,0,0,30]} 1. d4 Nf6 2. c4 e6 3. g3 c5 4. d5 exd5 5. cxd5 d6 6. Nc3 g6 7. Bg2 Bg7 8. Nf3 O-O 9. O-O Re8 10. Bf4 Ne4 11. Nxe4 Rxe4 12. Nd2 {A62: Modern Benoni: Fianchetto Variation without early ...Nbd7} Rxf4 $1 13. gxf4 {[#]} {Predecessor:} Bxb2 $146 14. Rb1 Bg7 15. e4 Nd7 16. Re1 Bh6 17. e5 Bxf4 18. e6 Ne5 19. Re4 Qf6 {1-0 (31) Yuffa,D (2582)-Saric,I (2703) Skopje 2019} 1/2-1/2

[Event "Winter CCCSA-IM 2020"]
[Site "Charlotte"]
[Date "2020.01.18"]
[Round "3.4"]
[White "Jacobson, Aaron"]
[Black "Li, Eric"]
[Result "1/2-1/2"]
[WhiteElo "2336"]
[BlackElo "2195"]
[Annotator "TA"]
[PlyCount "122"]
[EventDate "2020.01.17"]
[EventType "tourn"]
[EventCountry "USA"]
[SourceTitle "playchess.com"]
[Source "ChessBase"]
[SourceQuality "1"]

{[%evp 9,122,8,4,12,13,3,10,14,40,39,44,44,51,49,47,12,12,12,13,0,12,0,0,0,0,-15,-8,-5,5,0,8,0,6,-43,-17,-85,-87,-82,-81,-36,-25,-199,-189,-195,-193,-201,-127,-165,-87,-92,-100,-75,-27,-314,-142,-127,-127,-140,-68,-60,0,-108,-54,-69,-76,-81,0,0,0,0,0,-9,0,0,0,-2,0,0,0,0,0,0,0,0,0,0,0,0,0,0,0,0,0,0,0,0,0,-26,0,-27,0,0,0,-64,0,-8,0,0,0,0,0,0,0,0,0]} 1. Nf3 d5 2. e3 Nf6 3. c4 e6 4. Nc3 b6 5. b3 Bb7 6. Bb2 {A17: English Opening: 1...Nf6 with ...Bb4} Nbd7 7. g3 (7. Rc1 a6 8. cxd5 exd5 9. d4 Bd6 10. g3 O-O 11. Bg2 Re8 12. O-O Qe7 13. Ne2 Rad8 {1-0 (38) Nihal,S (2612)-Nepomniachtchi,I (2767) Moscow 2019}) 7... a6 8. Bg2 $146 ({Predecessor:} 8. cxd5 exd5 9. Bg2 g6 10. O-O Bg7 11. d4 O-O 12. Rc1 Re8 {1-0 (50) Grachev,B (2614)-Abdusattorov,N (2635) Moscow 2019}) 8... Nc5 9. d4 Nce4 10. Nxe4 Nxe4 11. O-O Bd6 12. cxd5 exd5 13. Ne5 O-O 14. Rc1 a5 15. a4 Re8 16. Rc2 Ba6 17. Nc6 Qd7 18. Re1 Bb7 19. Ne5 Qe6 20. Qc1 c5 21. Nf3 Ba6 22. dxc5 (22. Bf1 $11) 22... bxc5 $17 23. Bf1 Bxf1 24. Rxf1 Rab8 25. Qe1 $2 (25. Nd2 $11 {and White stays safe.}) 25... Rxb3 $19 26. Qxa5 Reb8 27. Ba1 Qf5 28. Nh4 Qd7 (28... Qh3 $19 {White must now prevent ...Rb1.} 29. Qe1 Ra3) 29. f3 $17 Ng5 30. Qd2 Qe6 ({Reject} 30... Qxa4 $6 31. Qxd5 Be7 32. Rcc1 $11) 31. Ng2 $2 {[%mdl 8192] [#]} (31. e4 $1 $11 Nh3+ 32. Kg2 dxe4 33. fxe4) 31... Rb1 (31... d4 $1 $19 {[%mdl 512] is more deadly.} 32. Qd1 (32. exd4 Nxf3+) 32... d3) 32. Rcc1 Rxc1 33. Qxc1 Qf5 (33... Nh3+ $17 34. Kh1 Rb3) 34. Nh4 $15 Qe6 ({Black should play} 34... Qh3 $15 35. Ng2 Qd7) 35. Qd2 (35. Ng2 $1 $11) 35... f6 (35... Rb4 $17 36. a5 Ra4) 36. Rd1 Bc7 37. Bc3 Ra8 (37... Rd8 $17) 38. Qxd5 $11 Rxa4 39. Qxe6+ Nxe6 40. Rd7 Kf8 41. Nf5 {And now Nxg7! would win.} Ra3 42. Bd2 Ba5 43. Bxa5 Rxa5 {[%mdl 4096] Endgame KRN-KRN} 44. Nd6 Ng5 45. f4 $1 {[%cal Rf4g5]} Ra1+ $1 46. Kg2 Ra2+ 47. Kf1 Nf3 {Threatens to win with ...Rd2.} 48. Rf7+ Kg8 49. h3 Nh2+ 50. Kg1 Nf3+ (50... Rd2 $5 51. Rd7 $8 Nf3+ 52. Kf1 g6 $11) 51. Kf1 Rd2 52. Rd7 {[%cal Rd7d8]} h5 {...c4! is the strong threat.} (52... h6 $5 53. Rd8+ $8 Kh7 $11) 53. Rd8+ Kh7 {Strongly threatening ...c4!} 54. Nf7 Nh2+ (54... c4 $5 {[%cal Rd2d8]} 55. Rc8 Nh2+ 56. Ke1 Nf3+ 57. Kf1 h4 $11) 55. Kg1 Nf3+ (55... c4 $11 56. Rxd2 (56. Ng5+ $2 fxg5 57. Rc8 Nf3+ 58. Kf1 Rc2 $19) 56... Nf3+ {[%mdl 64] Double Attack} 57. Kf2 Nxd2) 56. Kf1 $15 Nh2+ (56... c4 $1 $15 57. Rc8 {[#]} c3 $1 {[%mdl 512]} 58. Rxc3 Rd7) 57. Kg1 $11 {The position is equal.} Rxd8 58. Nxd8 c4 59. Nc6 c3 60. Nb4 Nf3+ 61. Kf2 Nd2 {Accuracy: White = 43%, Black = 39%.} 1/2-1/2

[Event "Winter CCCSA-IM 2020"]
[Site "Charlotte"]
[Date "2020.01.18"]
[Round "3.5"]
[White "Martin Del Campo C., Roberto"]
[Black "Eswaran, Ashritha"]
[Result "1-0"]
[WhiteElo "2322"]
[BlackElo "2252"]
[Annotator "TA"]
[PlyCount "147"]
[EventDate "2020.01.17"]
[EventType "tourn"]
[EventCountry "USA"]
[SourceTitle "playchess.com"]
[Source "ChessBase"]
[SourceQuality "1"]

{[%evp 17,146,-25,-9,-16,-14,-34,6,7,23,26,39,0,66,51,52,45,52,12,24,12,27,21,26,-52,-43,-37,-25,-10,0,-30,-28,-42,-20,-52,-25,-33,-31,-76,-56,-56,-9,-17,0,-13,17,0,0,-58,6,0,0,0,0,0,15,15,33,33,33,26,32,26,26,26,33,33,33,33,33,33,33,0,0,0,0,0,22,22,31,31,31,31,31,31,31,31,73,73,73,74,73,74,74,74,143,143,143,26,26,26,721,720,714,690,664,493,489,471,459,473,416,479,724,674,29987,29988,29991,29992,29992,29993,29993,29993,29994,29994,29994,29995,29995,29996,29998,29999,29999]} 1. e4 c5 2. Nf3 d6 3. c3 Nf6 4. Be2 g6 5. O-O Bg7 6. Re1 O-O 7. Bf1 e5 8. h3 Nc6 9. d3 h6 10. Nbd2 {B50: Sicilian: 2...d6, Miscellaneous} (10. a3 d5 11. Nbd2 a5 12. a4 Re8 13. exd5 Nxd5 14. Nc4 b6 15. Qb3 Ra7 16. Bd2 Rae7 17. Rad1 Kh7 18. g3 {1-0 (73) Sedlak,N (2571)-Ivanisevic,I (2614) Belgrade 2009}) 10... Be6 11. a3 Nh7 12. b4 {[%cal Bb2b4,Bb4b5][%mdl 32] The position is equal.} b6 $146 ({Predecessor:} 12... Ng5 13. Rb1 Nxf3+ 14. Nxf3 b6 15. Bb2 Rc8 16. d4 cxd4 17. cxd4 Nxd4 18. Nxd4 exd4 19. Bxd4 {1-0 (51) Martin Del Campo C,R (2465)-Rubery,M (2290) Elista 1998}) 13. b5 Ne7 14. d4 Qc7 ({Black should try} 14... exd4 $11 15. cxd4 d5) 15. d5 Bd7 16. Qb3 Kh8 17. Nc4 a6 18. Ne3 a5 19. Nd2 f5 20. f3 (20. a4 $11) 20... f4 $15 21. Nd1 g5 22. Be2 h5 23. Kf2 Bf6 24. Rh1 Rg8 25. a4 Raf8 26. Nb2 Ng6 27. Bf1 Kg7 28. Qd1 Be7 29. Ke2 Nf6 30. Kd3 Rh8 31. Be2 Nh4 32. Qf1 {[#]} (32. Rg1 $11) 32... Rfg8 ({Better is} 32... Nf5 $1 $15 {[%mdl 512]} 33. Qf2 (33. exf5 Bxf5+) 33... Ng3) 33. Kc2 $11 Kf8 34. Ndc4 Ke8 35. Bd2 g4 36. Be1 gxf3 37. gxf3 Nh7 38. Rd1 Rg6 39. Nd3 Bf6 40. Rg1 {aiming for Bxh4.} Rhg8 41. Rxg6 Rxg6 42. Qh1 Rg7 43. Bf2 Nf8 44. Rg1 Rxg1 45. Qxg1 Nhg6 46. Bf1 Kd8 47. Qh1 h4 48. Qg1 Kc8 49. Be1 Kb7 50. Nf2 {[%cal Bd3f2,Bf2g4,Bg4h6,Bh6f5][%mdl 32]} Bc8 51. Ng4 Qe7 52. Nh6 Kc7 53. Nf5 $36 {[%mdl 2048] White is on the roll.} Bxf5 54. exf5 Nh8 55. Bd3 Qh7 {[#]} (55... Nf7 $142) 56. Nd2 $1 $16 Nf7 {[#]} 57. Qg4 ({White must play} 57. Ne4 $1 $16 {[%cal Re4f6]} Qh8 58. Qg4) 57... Nh6 $11 58. Qh5 {Threatens to win with Qe8.} Ng8 $2 {[%mdl 8192]} (58... Nf7 $11 59. Qxh7 Nxh7) 59. Qe8 $18 Nd7 60. Qa8 Ne7 61. Ne4 {Qa7+ is the strong threat.} Nc8 62. Qc6+ Kd8 63. Nxd6 Nxd6 64. Qxd6 Qg7 (64... c4 $142) 65. Qc6 Qg1 66. d6 {White mates.} Qxe1 67. Qa8+ Nb8 68. Qxb8+ {[%mdl 64] Double Attack} Kd7 69. Qc7+ Ke8 70. d7+ Kf8 71. Bc4 Qf2+ 72. Kb3 Qd2 {[#]} 73. d8=Q+ $1 {[%mdl 512]} Qxd8 74. Qf7# {Accuracy: White = 63%, Black = 45%.} 1-0

[Event "Winter CCCSA-IM 2020"]
[Site "Charlotte"]
[Date "2020.01.18"]
[Round "4.1"]
[White "Berczes, David"]
[Black "Gauri, Shankar"]
[Result "1-0"]
[WhiteElo "2433"]
[BlackElo "2350"]
[Annotator "TA"]
[PlyCount "87"]
[EventDate "2020.01.17"]
[EventType "tourn"]
[EventCountry "USA"]
[SourceTitle "playchess.com"]
[Source "ChessBase"]
[SourceQuality "1"]

{[%evp 9,87,24,29,13,21,27,37,29,38,33,30,30,36,26,41,24,28,22,26,11,20,11,24,25,45,39,43,35,85,36,114,8,0,0,20,19,37,23,28,0,0,-32,0,0,58,53,72,42,43,21,34,46,48,27,85,95,165,82,170,155,159,123,244,252,253,266,287,290,360,357,486,461,587,568,533,547,5002,3587,5281,59]} 1. e4 c6 2. Nc3 d5 3. Nf3 Bg4 4. h3 Bxf3 5. Qxf3 e6 6. Qg3 {B11: Caro-Kann: Two Knights Variation} (6. Be2 Bc5 7. O-O Nf6 8. Rd1 Bd4 9. Qf4 Bxc3 10. bxc3 Nxe4 11. Ba3 Nd7 12. Rab1 Qa5 13. Bb4 Qd8 14. c4 {1-0 (37) Vachier Lagrave,M (2780)-Mamedyarov,S (2772) Moscow 2019}) 6... Nd7 7. d4 dxe4 8. Nxe4 {White is slightly better.} Ndf6 9. Nxf6+ $1 Nxf6 10. c3 g6 $146 ({Predecessor:} 10... Ne4 11. Qf3 Nf6 12. Bd3 Bd6 13. Bg5 Be7 14. Bd2 O-O 15. O-O-O Qd5 16. Qxd5 exd5 17. Bf4 Rad8 18. Rhe1 Bd6 19. Bxd6 Rxd6 20. Re7 {½-½ (41) Velimirovic,D-Bukic,E Belgrade 1968}) 11. Be2 Bg7 12. h4 h5 13. Bf4 O-O 14. O-O-O a5 15. Kb1 a4 16. a3 Qa5 17. Bd3 Rfe8 18. Rhe1 Rac8 19. Be5 Nd7 (19... Ng4 $14) 20. Bxg6 (20. Qf4 $16) 20... fxg6 $11 21. Qxg6 {[%csl Ge5][%cal Rg6g7][%mdl 64] Double Attack} Nxe5 22. Rxe5 {[%mdl 64] Double Attack} Qd8 23. Rxh5 Qf6 24. Qh7+ (24. Qg4 $11) 24... Kf7 $15 {White must now prevent ...Rh8.} 25. Rg5 Rh8 (25... Qh6 $5 {[%cal Rh6h7]} 26. Qe4 Bf6 $11) 26. Qe4 Bh6 (26... Qh6 $11) 27. Rg3 $1 $36 {[%cal Rg3f3][%mdl 2048] Strongly threatening Rf3. White has the initiative.} Ke7 $1 28. Rg6 Qf5 {[#]} 29. Re1 $1 {[%csl LRe6,LRf5][%mdl 512]} Qxe4+ 30. Rxe4 Kf7 $1 {[%cal Rf7g6]} 31. h5 {[%mdl 1024] White has compensation.} (31. Rgxe6 $5 {[%cal Re6e7]} Rhe8 32. Rxe8 Rxe8 33. Rxe8 Kxe8 34. Kc2 $16) 31... Rce8 (31... Rcg8 $1 $11 {remains equal.}) 32. g4 $16 Bf8 (32... Rh7 $16) 33. Rf4+ $18 Ke7 34. Rff6 Kd7 35. h6 c5 (35... Bd6 $16 {was necessary.} 36. f4 Bb8 37. Rg7+ Re7) 36. g5 cxd4 37. cxd4 Kd6 38. Kc2 Kd5 39. Kd3 Bd6 40. f4 {White is clearly winning.} Ref8 41. Rxe6 {[%csl Gg6][%cal Re6d6]} Rd8 42. Ref6 Rhf8 43. h7 Rh8 {[#]} 44. Rxd6+ $1 {[%mdl 576] Promotion. Accuracy: White = 53%, Black = 53%.} 1-0

[Event "Winter CCCSA-IM 2020"]
[Site "Charlotte"]
[Date "2020.01.18"]
[Round "4.2"]
[White "Li, Eric"]
[Black "Martin Del Campo C., Roberto"]
[Result "1/2-1/2"]
[WhiteElo "2195"]
[BlackElo "2322"]
[Annotator "TA"]
[PlyCount "61"]
[EventDate "2020.01.17"]
[EventType "tourn"]
[EventCountry "USA"]
[SourceTitle "playchess.com"]
[Source "ChessBase"]
[SourceQuality "1"]

{[%evp 14,61,35,35,41,39,47,40,62,31,47,35,40,33,47,45,67,71,133,135,134,59,71,37,39,51,41,34,41,34,39,21,30,0,0,0,0,0,0,-6,-8,-9,0,-19,-20,-20,-19,-33,0,0]} 1. d4 Nf6 2. c4 d6 3. Nc3 Bf5 4. f3 e5 5. e4 exd4 6. Qxd4 Nc6 7. Qd2 Be6 8. b3 Be7 {A53: Old Indian Defence without Nf3} 9. Nge2 O-O 10. Ng3 Re8 $146 {White is slightly better.} ({Predecessor:} 10... Nd7 11. Nd5 Bh4 12. Bb2 f5 13. O-O-O fxe4 14. Nxe4 Nc5 15. Nxc5 dxc5 16. g3 {1-0 (47) Milov,V (2620)-Martin Del Campo C,R (2421) Merida 2002}) 11. Bd3 Nd7 12. Bb2 Nc5 13. O-O a5 14. Nd5 Bxd5 15. cxd5 Nb4 (15... Nxd3 $142 16. Qxd3 Ne5) 16. Bc4 $16 Bf6 17. a3 (17. Bxf6 $16 Qxf6 18. Nf5) 17... Nbd3 $14 18. Bxd3 {[#] Black must now prevent Bc4.} Bxb2 19. Qxb2 Nxd3 20. Qc3 Nf4 21. Kh1 g6 22. Rf2 a4 23. Ne2 Nxe2 24. Rxe2 axb3 25. Qxb3 Qf6 26. Rc1 c5 27. dxc6 bxc6 28. Qc3 Qxc3 29. Rxc3 c5 30. Kg1 d5 31. Rxc5 {Accuracy: White = 46%, Black = 52%.} 1/2-1/2

[Event "Winter CCCSA-IM 2020"]
[Site "Charlotte"]
[Date "2020.01.18"]
[Round "4.3"]
[White "Francisco, Richard"]
[Black "Jacobson, Aaron"]
[Result "0-1"]
[WhiteElo "2256"]
[BlackElo "2336"]
[Annotator "TA"]
[PlyCount "58"]
[EventDate "2020.01.17"]
[EventType "tourn"]
[EventCountry "USA"]
[SourceTitle "playchess.com"]
[Source "ChessBase"]
[SourceQuality "1"]

{[%evp 9,58,0,0,-4,0,-5,0,-18,-19,-24,-4,-28,0,-6,-16,-54,-11,-103,-23,-20,-23,-20,-33,-125,-82,-202,-201,-211,-165,-226,-197,-205,-170,-196,-183,-355,-356,-368,-351,-330,-198,-192,-192,-514,-374,-3036,-2460,-2717,-2637,-2622,-2501]} 1. c4 e6 2. g3 d5 3. Bg2 Nf6 4. Nf3 d4 5. O-O c5 6. b4 {A13: English Opening: 1...e6} cxb4 7. a3 Nc6 8. Bb2 {The position is equal.} a5 9. e3 dxe3 10. fxe3 Qd3 $36 {[%mdl 2048] Black is pushing.} 11. Ne1 $146 ({Predecessor:} 11. Qc1 Be7 12. Ne1 Qg6 13. d4 Ng4 {0-1 (35) Adrian,C (2233)-Fridman,D (2594) Nancy 2017}) 11... Qxc4 12. axb4 Qxb4 13. Qc1 (13. Bxf6 $11 gxf6 14. Bxc6+ bxc6 15. Qf3) 13... Qc5 ({Better is} 13... Qb6 $1 $17 14. Na3 Be7) 14. Nc3 $11 Be7 15. Ba3 Qb6 16. Nd3 {[#]} (16. Na4 $15 Bxa3 17. Qxa3) 16... O-O $1 $17 17. Bxc6 (17. Bxe7 $17 Nxe7 18. Ne5) 17... Bxa3 $19 18. Qxa3 {Strongly threatening Bf3.} Qxc6 ({But not} 18... bxc6 19. Ne5 $17) 19. Ne5 Qc7 20. d4 Bd7 21. Rac1 Qd8 22. Rc2 $2 (22. Qb2 {is a better defense.}) 22... b5 {[%cal Bb7b5,Bb5b4][%mdl 32]} 23. Qd6 b4 24. Rxf6 gxf6 25. Nxd7 {Hoping for Ne4.} bxc3 26. Rf2 $2 (26. Qxf8+ Qxf8 27. Nxf8 Kxf8 28. Rxc3) 26... f5 {aiming for ...Re8.} 27. Rxf5 $2 (27. Qxf8+ Qxf8 28. Nxf8 Kxf8 29. Rc2) 27... exf5 {Black is clearly winning.} 28. Nf6+ Kg7 29. Nh5+ {[#]} Kh8 $1 {Accuracy: White = 30%, Black = 69%.} 0-1